000 00314nam a2200133Ia 4500
008 150301s2006 xx 000 0 und d
082 _a644
_bAGG
100 _aAGGARWAL, D.K
245 _aBANQUET MANAGEMENT & ROOM DIVISION
250 _a1ST
260 _bAMAN PUB. DELHI
_c2006
300 _a242
942 _2ddc
_cBK
999 _c7007
_d7007